000 03749nam a22002897a 4500
005 20251217164603.0
006 a|||||r|||||||||||
008 251217s2003 gr a 001 0 gre d
020 _a9602866365 (set)
020 _a9602867981 (v.2)
035 _ahzn1000012
040 _aGR-AtMCL
_bgre
_dGR-AtMCL
_eAACR2
041 1 _heng
100 1 _aKalat, James W.
_9300
240 1 0 _aBiological Psychology
_lGreek.
245 1 0 _aΒιολογική Ψυχολογία/
_cJames W. Kalat ; συντονισμός, επιμέλεια μετάφραση Α.Α. Καστελλάκης, Δ.Α. Χρηστίδης ; με τη συνεργασία των Α.Κ. Αγγελή, Γ.Η. Ευσταθίου, Γ.Θ. Παναγής.
_nΤόμος Β'
246 1 4 _aΒιολογική Ψυχολογία.
250 _a5η εκδ. Βελτιωμένη
260 _aΑθήνα :
_bΈλλην,
_c2003
300 _a328 σ. :
_bεικ. ;
_c30 εκ.
500 _aΜετάφραση του : Biological Psychology.
520 _aΗ βιολογική ψυχολογία είναι το πιο ενδιαφέρον θέμα στον κόσμο. Είμαι σίγουρος ότι κάθε καθηγητής ή συγγραφέας επιστημονικού εγχειριδίου πιστεύει το ίδιο για το δικό του θέμα. Αλλά οι άλλοι έχουν άδικο. Η βιολογική ψυχολογία πράγματι είναι το πιο ενδιαφέρον θέμα. Με αυτή τη δήλωσή μου, δεν εννοώ ότι η απομνημόνευση των ονομάτων των περιοχών του εγκεφάλου είναι πιο ενδιαφέρουσα από την απομνημόνευση των ονομάτων των περιοχών του εγκεφάλου είναι πιο ενδιαφέρουσα από την απομνημόνευση γεωγραφικών όρων ή ιστορικών ημερομηνιών. Εννοώ ότι τα βασικά ζητήματα που πραγματεύεται η βιολογική ψυχολογία. Είναι τόσο σημαντικά, που θα έπρεπε να ενδιαφέρουν κυριολεκτικά τον καθένα. Κατά τη συγγραφή αυτού του εγχειριδίου, ο πρωταρχικός μου στόχος ήταν να κερδίσω το ενδιαφέρον του αναγνώστη. Προσπάθησα να εστιάσω την προσοχή μου στους βιολογικούς μηχανισμούς που σχετίζονται στενά με σημαντικά ζητήματα ψυχολογίας - θέματα όπως το πρόβλημα σώματος - ψυχής, η ανάπτυξη της γλώσσας και της μάθησης, η σεξουαλική συμπεριφορά, ο αλκοολισμός, οι ψυχοσωματικές παθήσεις, το άγχος, η επιθετική συμπεριφορά, η αποκατάσταση ύστερα από εγκεφαλική βλάβη, η κατάθλιψη και η σχιζοφρένεια. Ελπίζω ότι, στο τέλος αυτού του βιβλίου, ο αναγνώστης δεν θα αναρωτιέται πια τι σχέση έχουν όλες αυτές οι γνώσεις για το νευρικό σύστημα με την «πραγματική ψυχολογία». Ελπίζω να κατανοήσει ότι αυτές οι γνώσεις για το νευρικό σύστημα είναι ψυχολογία.
650 0 _aΨυχολογία
_99898
650 0 _aΝευροψυχολογία
_910190
942 0 0 _cBK
999 _c9995
_d9995